000 00389nam a2200157Ia 4500
008 180921t xxu||||| |||| 00| 0 eng d
041 _aeng
080 _a616.12
_bGUN
100 _aGunewardene, H.O.
245 _aAlarming heart attacks : serious and innocent
300 _a61p., 22 cm
650 _aCardiology
942 _cBK
999 _c19657
_d19657
003 LK-CoDNM
040 _aLK-CoDNM
_dLK-CoDNM
_eLK-CoDNM